Ga door naar de inhoud
VuFind
Taal
English
Deutsch
Español
Français
Italiano
日本語
Nederlands
Português
Português (Brasil)
中文(简体)
中文(繁體)
Türkçe
עברית
Gaeilge
Cymraeg
Ελληνικά
Català
Euskara
Русский
Čeština
Suomi
Svenska
polski
Dansk
slovenščina
اللغة العربية
বাংলা
Galego
Tiếng Việt
Hrvatski
हिंदी
Alle velden
Titel
Auteur
Onderwerp
Plaatsingsnummer
ISBN/ISSN
Tag
Zoek
Geavanceerd
Wis alle filters
Gesuggereerde onderwerpen:
Chemical Systems
Wis alle filters
Toon filters (1)
Gesuggereerde onderwerpen:
Chemical Systems
Zoeken
ECOMMERCE
Citeren
Versturen
Afdrukken
Exporteer Record
Exporteer naar RefWorks
Exporteer naar EndNoteWeb
Exporteer naar EndNote
permanent_link
Wordt geladen...
ECOMMERCE
Exemplaren
Omschrijving
Gelijkaardige items
Personeel
LEADER
00148 a2200097 4500
020
260
942
|c
BB
|6
_
245
|a
ECOMMERCE
100
999
|c
61092
|d
61092
Gelijkaardige items
Business of ecommerce
door: May,Paul
Gepubliceerd in: (1999)
Ecommerce: An Indian Perspective
door: Joseph, P T
Gepubliceerd in: (2009)
Ecommerce: An Indian Perspective
door: Joseph, P T
Gepubliceerd in: (2009)
Business of Ecommerce: From corporate strategy to technology /
door: May, Paul
Gepubliceerd in: (2000)
Business of Ecommerce From corporate strategy to technology /
door: May, Paul
Gepubliceerd in: (2000)
Wordt geladen...